Musculoskeletal imaging / (رقم التسجيلة. 21556)

تفاصيل مارك
000 -الفاتح
حقل البيانات ثابتة الطول 01986cam a22004694a 4500
001 - رقم الضبط
رقم الضبط 180982664
003 - محدد رقم الضبط
رقم الضبط OSt
005 - وقت وتاريخ اخر تعامل مع التسجيلة
رقم الضبط 20150408114015.0
008 - عناصر البيانات ثابتة الطول - معلومات عامة
حقل البيانات ثابتة الطول 071105s2008 gw a bf 001 0 eng
010 ## - رقم ضبط مكتبة الكونجرس
رقم ضبط مكتبة الكونجرس 2007045999
016 7# - رقم ضبط الوكاله الوطنية للضبط الببليوجرافي
رقم ضبط التسجيلة 101320197
المصدر DNLM
020 ## - الرقم الدولى المعيارى للكتب
الرقم الدولى المعيارى للكتاب 9783131451613 (TPS, rest of world : alk. paper)
020 ## - الرقم الدولى المعيارى للكتب
الرقم الدولى المعيارى للكتاب 3131451610 (TPS, rest of world : alk. paper)
020 ## - الرقم الدولى المعيارى للكتب
الرقم الدولى المعيارى للكتاب 9781604060850 (TPN, the Americas : alk. paper)
020 ## - الرقم الدولى المعيارى للكتب
الرقم الدولى المعيارى للكتاب 1604060859 (TPN, the Americas : alk. paper)
035 ## - رقم ضبط النظام
رقم ضبط النظام .b65984572
040 ## - مصدر الفهرسة
وكالة الفهرسة الأصلية DNLM/DLC
وكالة النسخ DLC
وكالة التعديل NLM
-- BAKER
-- BTCTA
-- YDXCP
-- C#P
-- OHX
-- OSU
-- UtOrBLW
041 1# - رمز اللغة
رمز لغة النص/ المسارات الصوتية أو العنوان الانفرادي eng
رمز لغة الترجمات و/او الاصلية المتوسطة للنص ger
042 ## - رمز التحقق
رمز التحقق pcc
049 ## - المجموعات المحلية (OCLC)
مكتبة المقتنيات OSUU
050 00 - رقم طلب مكتبة الكونجرس
رقم التصنيف RC925.7
رقم المادة .R4513 2008
060 00 - رقم الطلب بالمكتبة الطبية الوطنية
رقم التصنيف 2008 F-178
060 10 - رقم الطلب بالمكتبة الطبية الوطنية
رقم التصنيف WE 39
رقم المادة R375b 2008a
082 00 - رقم تصنيف ديوى العشرى
رقم التصنيف 616.707
رقم الطبعة 22
100 1# - المدخل الرئيسى - إسم شخصى
الإسم الشخصى Reiser, Maximilian.
9 (RLIN) 11329
240 10 - العنوان الموحد
عنوان موحد <a href="Bewegungsapparat.">Bewegungsapparat.</a>
لغة العمل English.
245 10 - بيان العنوان
العنوان Musculoskeletal imaging /
بيان المسئوليه,etc Maximilian Reiser, Andrea Baur-Melnyk, Christian Glaser ; [translator, Stephanie Kramer]
260 ## - PUBLICATION, DISTRIBUTION, ETC. (IMPRINT)
مكان الناشر او الموزع Stuttgart ;
-- New York :
اسم الناشر او الموزع Thieme,
تاريخ النشر أو التوزيع c2008.
300 ## - الوصف المادى
التعداد viii, 333 p. :
تفاصيل ماديه اخرى للوعاء ill. ;
أبعاد الوعاء 20 cm.
440 #0 - بيان السلسلة/مدخل إضافى-العنوان
العنوان Direct diagnosis in radiology.
9 (RLIN) 10885
504 ## - تبصرة ببليوجرافية
تبصرة ببليوجرافية,الخ Includes bibliographical references and index.
505 0# - تبصرة محتويات-الفهرس
تبصرة المحتويات المصاغة Tumors -- Inflammatory diseases -- Degenerative disease -- Metabolic disorders -- Developmental disorders -- Osteonecrosis -- Intra-articular lesions -- Ligament and tendon injuries -- Fractures and dislocations.
650 #0 - المدخل الاضافى بالموضوع-مصطلح موضوعى
مصطلح موضوعي أو اسم جغرافي كعنصر مدخل Musculoskeletal system
التقسيم الفرعي العام Imaging
التقسيم الفرعي الشكلي Handbooks, manuals, etc.
9 (RLIN) 11330
650 #0 - المدخل الاضافى بالموضوع-مصطلح موضوعى
مصطلح موضوعي أو اسم جغرافي كعنصر مدخل Musculoskeletal system
التقسيم الفرعي العام Diseases
-- Diagnosis
التقسيم الفرعي الشكلي Handbooks, manuals, etc.
9 (RLIN) 11331
650 12 - المدخل الاضافى بالموضوع-مصطلح موضوعى
مصطلح موضوعي أو اسم جغرافي كعنصر مدخل Musculoskeletal Diseases
التقسيم الفرعي العام diagnosis
التقسيم الفرعي الشكلي Handbooks.
9 (RLIN) 10215
650 12 - المدخل الاضافى بالموضوع-مصطلح موضوعى
مصطلح موضوعي أو اسم جغرافي كعنصر مدخل Musculoskeletal System
التقسيم الفرعي العام radiography
التقسيم الفرعي الشكلي Handbooks.
9 (RLIN) 11332
650 22 - المدخل الاضافى بالموضوع-مصطلح موضوعى
مصطلح موضوعي أو اسم جغرافي كعنصر مدخل Diagnosis, Differential
التقسيم الفرعي الشكلي Handbooks.
650 22 - المدخل الاضافى بالموضوع-مصطلح موضوعى
مصطلح موضوعي أو اسم جغرافي كعنصر مدخل Diagnostic Imaging
التقسيم الفرعي الشكلي Handbooks.
9 (RLIN) 10889
700 1# - المدخل الاضافى - اسم شخصى
الإسم الشخصى Baur-Melnyk, Andrea.
9 (RLIN) 11333
700 1# - المدخل الاضافى - اسم شخصى
الإسم الشخصى Glaser, Christian.
9 (RLIN) 11334
942 ## - عناصر المدخل الإضافي( كوها)
مصدر التصنيف او مخطط الترفيف Dewey Decimal Classification
Koha [default] item type كتاب
المقتنيات
حالة الفقد نموذج السعر الفعال حالة تلف ليس للاعارة رقم الطلب تاريخ الاكتساب الموقع الحالي الباركود الفرع الرئيسي Date last seen نوع المادة فى نظام كوها مصدر التصنيف او خطة الترفيف Total Checkouts Date last checked out
  2013-03-10     616.707 R M M 2012-04-18 مكتبة كلية العلوم الطبية التطبيقية بالمجمعة - طالبات (AMF) 00076573 مكتبة كلية العلوم الطبية التطبيقية بالمجمعة - طالبات (AMF) 2013-03-10 كتاب Dewey Decimal Classification    
  2013-03-10     616.707 R M M 2012-04-18 مكتبة كلية العلوم الطبية التطبيقية بالمجمعة - طالبات (AMF) 00076574 مكتبة كلية العلوم الطبية التطبيقية بالمجمعة - طالبات (AMF) 2013-03-10 كتاب Dewey Decimal Classification    
  2013-03-10     616.707 R M M 2012-04-18 مكتبة كلية العلوم الطبية التطبيقية بالمجمعة - طالبات (AMF) 00076575 مكتبة كلية العلوم الطبية التطبيقية بالمجمعة - طالبات (AMF) 2013-03-10 كتاب Dewey Decimal Classification    
  2013-03-10     616.707 R M M 2012-04-18 مكتبة كلية العلوم الطبية التطبيقية بالمجمعة - طالبات (AMF) 00076572 مكتبة كلية العلوم الطبية التطبيقية بالمجمعة - طالبات (AMF) 2020-02-11 كتاب Dewey Decimal Classification 1 2019-09-19